000 00759nam a2200193 a 4500
001 BRCA_889
005 20190320203208.0
008 311005s1991----mx-a---###---#000-0#spa-d
050 4 _aNK7198.T3
_b.M49 1991
245 1 0 _aMéxico
_bel lenguaje contemporáneo de la plata : Colección TANE orfebres = Mexico : The Contemporary Language of Silver : TANE Silversmith Collection.
260 _aMéxico
_bBancomer
_c1991
300 _a1 v. (sin paginación)
_bil. a color
_c28 cm.
546 _aTexto en : español e inglés
650 1 4 _aOrfebrería
_vExposiciones
_zMéxico
_92959
650 1 4 _aPlatería
_vExposiciones
_zMéxico
_92960
710 2 _aTANE Orfebres
_92961
740 0 _aThe Contemporary Language of Silver : TANE Silversmith Collection
942 _2lcc
_cB
999 _c783
_d783